Assessment a development centrá: ako ďalej?

Požiadavky biznisu ovplyvňujúce zadávateľov a dodávateľov AC/DC. Požiadavky na formu a výstupnú správu AC/DC. Globálne trendy assessment centra a prechod k on-line forme AC.

Na minha lista:
Detalhes bibliográficos
Autor principal: Kubeš, Marián
Outros Autores: Lazišťanová, Zuzana
Formato: Capítulo de Livro
Idioma:eslovaco
Assuntos:
Tags: Adicionar Tag
Sem tags, seja o primeiro a adicionar uma tag!

MARC

LEADER 00000naa a2200000 4500
001 0161684
005 20230912101540.7
041 0 |a slo 
044 |a SK 
245 1 0 |a Assessment a development centrá: ako ďalej?  |c Marián Kubeš, Zuzana Lazišťanová 
520 |a Požiadavky biznisu ovplyvňujúce zadávateľov a dodávateľov AC/DC. Požiadavky na formu a výstupnú správu AC/DC. Globálne trendy assessment centra a prechod k on-line forme AC. 
610 2 0 |a manažéri 
610 2 0 |a manažment 
610 2 0 |a vedenie ľudí 
610 2 0 |a metódy riadenia 
610 2 0 |a rozhodovanie manažérske 
610 2 0 |a komunikácia manažérska 
100 1 |a Kubeš, Marián 
700 1 |a Lazišťanová, Zuzana